[Event "Concordia op 5th"]
[Site "Concordia"]
[Date "2019.05.01"]
[Round "1"]
[White "Da Silva, Marcos Henrique"]
[Black "Bueno, Alfeu Varela Jr"]
[Result "0-1"]
[WhiteElo "1421"]
[BlackElo "2188"]
[PlyCount "88"]
[EventDate "2019.05.01"]
[EventType "swiss"]
[EventRounds "9"]
[EventCountry "BRA"]
[SourceTitle "CBM 190 Extra"]
[Source "ChessBase"]
[SourceDate "2019.07.15"]
[SourceVersion "1"]
[SourceVersionDate "2019.07.15"]
[SourceQuality "1"]

1. e4 e6 2. d4 d5 3. Nc3 Nf6 4. e5 Nfd7 5. f4 c5 6. Nf3 Nc6 7. Be3 cxd4 8. Nxd4 Bc5 9. Bb5 Nxd4 10. Bxd4 Qb6 11. Bxd7+ Bxd7 12. Bxc5 Qxc5 13. Qd2 b5 14. 0-0-0 a5 15. Ne4 Qb4 16. Nd6+ Ke7 17. Qxb4 axb4 18. Kb1 Ra7 19. Rd3 Rha8 20. a3 bxa3 21. Rxa3 Rxa3 22. bxa3 Rxa3 23. Kb2 Ra4 24. g3 f6 25. exf6+ Kxd6 26. fxg7 Ra8 27. Ra1 Rg8 28. Ra6+ Kc5 29. f5 exf5 30. Rh6 Rxg7 31. Rh4 d4 32. c3 dxc3+ 33. Kxc3 Bc6 34. Kb3 Bd5+ 35. Kc3 Be4 36. Kb3 b4 37. Rh5 Ra7 38. g4 Bd5+ 39. Kb2 fxg4 40. Kb1 Kc4 41. Rh4 Bf3 42. Kb2 b3 43. h3 Ra2+ 44. Kb1 Be4+ 0-1

[Event "Maringa Parana-ch"]
[Site "Maringa"]
[Date "2018.02.04"]
[Round "8"]
[White "Da Silva, Marcos Henrique"]
[Black "De Paula, Joao Lucas Pereira "]
[Result "1/2-1/2"]
[WhiteElo "1018"]
[BlackElo "1783"]
[PlyCount "58"]
[EventDate "2018.01.31"]
[EventType "swiss"]
[EventRounds "8"]
[EventCountry "BRA"]
[SourceTitle "CBM 182 Extra"]
[Source "ChessBase"]
[SourceDate "2018.02.23"]
[SourceVersion "1"]
[SourceVersionDate "2018.02.23"]
[SourceQuality "1"]

1. e4 c6 2. Nc3 d5 3. Nf3 dxe4 4. Nxe4 Bf5 5. Ng3 Bg6 6. h4 h6 7. h5 Bh7 8. d4 Nd7 9. Bd3 Bxd3 10. Qxd3 Ngf6 11. Ne4 Nxe4 12. Qxe4 Nf6 13. Qd3 e6 14. c4 Bb4+ 15. Bd2 Bxd2+ 16. Qxd2 0-0 17. 0-0-0 Qc7 18. Ne5 Rfd8 19. Rh4 Qe7 20. Ng4 Nxg4 21. Rxg4 Kh8 22. Re1 Rd7 23. f4 Rad8 24. f5 Qc5 25. dxc5 Rxd2 26. fxe6 fxe6 27. Rge4 Rxg2 28. Rxe6 Rdd2 29. R6e4 Rxb2 1/2-1/2

[Event "Maringa Parana-ch"]
[Site "Maringa"]
[Date "2018.02.03"]
[Round "7"]
[White "Santos, Renan de Souza"]
[Black "Da Silva, Marcos Henrique"]
[Result "1-0"]
[WhiteElo "1651"]
[BlackElo "1018"]
[PlyCount "67"]
[EventDate "2018.01.31"]
[EventType "swiss"]
[EventRounds "8"]
[EventCountry "BRA"]
[SourceTitle "CBM 182 Extra"]
[Source "ChessBase"]
[SourceDate "2018.02.23"]
[SourceVersion "1"]
[SourceVersionDate "2018.02.23"]
[SourceQuality "1"]

1. c4 f5 2. Nc3 Nf6 3. g3 e6 4. Bg2 Be7 5. d3 c6 6. Nf3 d5 7. cxd5 cxd5 8. 0-0 0-0 9. b3 d4 10. Nb5 Nc6 11. Bb2 Bc5 12. Qc2 Bb6 13. Rfc1 a6 14. Na3 Bc7 15. Qc4 Bb6 16. Nc2 Qd5 17. Ncxd4 Qxc4 18. Rxc4 Bd7 19. Rac1 Rac8 20. Nxc6 Bxc6 21. Ne5 Ng4 22. Bxc6 Bxf2+ 23. Kg2 Ne3+ 24. Kxf2 Nxc4 25. Rxc4 bxc6 26. Nxc6 Rc7 27. Be5 Rd7 28. a4 Kf7 29. Bc3 Rd5 30. Ne5+ Ke7 31. Bb4+ Ke8 32. Rc8+ Rd8 33. Rxd8+ Kxd8 34. Bxf8 1-0